Statistics for Harry Potter Spells

Click here to take the quiz!

General Stats

  • This quiz has been taken 32 times
  • The average score is 17 of 22

Answer Stats

DescriptionSpell% Correct
Makes a silvery animal that
protects from dementors
EPExpecto
Patronum
100%
Disarms one's opponentEExpelliarmus
100%
Lights up the tip of the wandLLumos
100%
Unlocks a doorAAlohomora
96%
"The Killing Curse"AKAvada Kedavra
96%
Erases memoriesOObliviate
96%
Levitates an objectWLWingardium
Leviosa
96%
Summons an objectAAccio
93%
Tortures recipientCCrucio
93%
Fixes broken objectsRReparo
93%
Puts out light from ^NNox
85%
Produces a jet of water out
of the wand tip
AAguamenti
78%
Causes the recipient to be
temporarily confused
CConfundo
78%
Petrifies the recipient of the spellPTPetrificus
Totalus
78%
Recipient is dangled upside down
by their ankles
LLevicorpus
74%
Makes the spell's target muteSSilencio
70%
Causes an object to swellEEngorgio
67%
Puts the victim into an
unconscious state
SStupefy
63%
Reveals the last spell castPIPriori Incantatem
52%
Cleaning spellSScourgify
48%
Cuts objectsDDiffindo
44%
Turns an item into a portkeyPPortus
41%

Score Distribution

Percentile by Number Answered

Percent of People with Each Score

Your Score History

You have not taken this quiz